Discurso del señor Ministro de Relaciones Exteriores de El Salvador
Αποθηκεύτηκε σε:
| Κύριος συγγραφέας: | |
|---|---|
| Μορφή: | Κείμενο |
| Έκδοση: |
Guatemala:
Ministerio de Cultura y Comunicaciones
|
| Ετικέτες: |
Προσθήκη ετικέτας
Δεν υπάρχουν, Καταχωρήστε ετικέτα πρώτοι!
|
MARC
| LEADER | 00000 a a2200000 04500 | ||
|---|---|---|---|
| 001 | 24698 | ||
| 003 | |||
| 040 | |||
| 090 | |a 177700 | ||
| 100 | |a Acevedo Peralta, Ricardo | ||
| 245 | |a Discurso del señor Ministro de Relaciones Exteriores de El Salvador | ||
| 260 | |a Guatemala: |b Ministerio de Cultura y Comunicaciones | ||
| 300 | |a 31 p. | ||
| 999 | |c 14586 |d 14586 | ||
